Które państwo jest większe lub mniejsze? - Statystyki

Ogólne statystyki
  • Ten quiz został rozwiązany 1 920 razy
  • Średni wynik to 9 z 15
Statystyki odpowiedzi
Zagadnienie Odpowiedź % Poprawnych
Co jest większe? Rosja
98%
Co jest większe? Algieria
86%
Co jest większe? Niemcy
73%
Co jest Większe? Kazachstan
66%
Co jest mniejsze? Słowacja
65%
Co jest większe? Brazylia
60%
Co jest większe? Arabia Saudyjska
57%
Co jest większe? Algieria
55%
Co jest większe? Afganistan
52%
Co jest mniejsze? Belize
52%
Co jest mniejsze? Nauru
52%
Co jest mniejsze? Estonia
44%
Co jest większe? San Marino
36%
Co jest mniejsze? Chiny
30%
Co jest mniejsze? Finlandia
28%
Nie znaleziono quizów pasujących do podanych kryteriów
Rozkład punktacji
Procent ludzi z każdym wynikiem
Percentyl według liczby udzielonych odpowiedzi
Twoja historia wyników
Nie rozwiązałeś tego quizu